| 000 | 00464nam a22001697a 4500 | ||
|---|---|---|---|
| 003 | BD-ChCU | ||
| 005 | 20251210142111.0 | ||
| 008 | 251210b bg ||||| |||| 00| 0 ben d | ||
| 040 | _cBD-ChCU | ||
| 082 | _aJ 591 STC | ||
| 100 |
_aStevens, Carla. _917970 |
||
| 245 |
_aCatch a cricket : _babout the capture and care of crickets.// _cCarla Stevens. |
||
| 260 |
_aNew York. _bScott, n.d. _c. |
||
| 300 | _a95p | ||
| 650 | 0 |
_aCrickets. _917971 |
|
| 942 |
_2ddc _cBK _n0 |
||
| 999 |
_c110355 _d110355 |
||